| 000 | 00358 a2200121 4500 | ||
|---|---|---|---|
| 001 | ART_15821 | ||
| 005 | 20260410161736.0 | ||
| 008 | 260409a | ||
| 245 | 1 | 0 | _a¿Una reforma antes de la reforma? |
| 100 | 1 | _aSan Martín, Jorge A. | |
| 700 | 1 | _aCravino, Daniel | |
| 773 | 0 |
_tEjecutivos de finanzas _g- Año 7, Nº 62 (dic. 1989) _wREV2863 |
|
| 999 |
_c18281 _d18281 |
||